[Event "ZN-2016-0-03421"]
[Site "LSS email"]
[Date "2016.09.25"]
[Round "?"]
[White "Churyaev, Aleksej"]
[Black "Huseby, Juan Carlos"]
[Result "1-0"]
[WhiteElo "1004"]
[BlackElo "345"]
[PlyCount "41"]
[EventDate "2016.09.09"]
[EventType "match (corr)"]
[EventRounds "2"]
[EventCountry "GER"]
[SourceTitle "Corr 2022"]
[Source "ChessBase"]
[SourceDate "2021.10.24"]
[SourceVersion "1"]
[SourceVersionDate "2021.10.24"]
[SourceQuality "1"]

1. d4 d5 2. e3 Bd7 3. f4 e6 4. Nf3 c5 5. c3 c4 6. Be2 Nf6 7. 0-0 Ne4 8. Nbd2 Bd6 9. Nxe4 dxe4 10. Ng5 h6 11. Nxe4 Be7 12. Bxc4 0-0 13. Ng3 f5 14. Qd3 g6 15. e4 Nc6 16. exf5 gxf5 17. Nxf5 Rf6 18. Qg3+ Kf8 19. Qg7+ Ke8 20. Nxh6 Bf8 21. Qg8 1-0

[Event "ZN-2016-0-03421"]
[Site "LSS email"]
[Date "2016.09.25"]
[Round "?"]
[White "Huseby, Juan Carlos"]
[Black "Churyaev, Aleksej"]
[Result "0-1"]
[WhiteElo "345"]
[BlackElo "1004"]
[PlyCount "42"]
[EventDate "2016.09.09"]
[EventType "match (corr)"]
[EventRounds "2"]
[EventCountry "GER"]
[SourceTitle "Corr 2022"]
[Source "ChessBase"]
[SourceDate "2021.10.24"]
[SourceVersion "1"]
[SourceVersionDate "2021.10.24"]
[SourceQuality "1"]

1. c4 e6 2. Nc3 d5 3. Qa4+ c6 4. d4 Nd7 5. e4 Nb6 6. Qa5 Nxc4 7. Bxc4 dxc4 8. Qxd8+ Kxd8 9. e5 b5 10. Nf3 Be7 11. Bg5 f6 12. Be3 a5 13. 0-0-0 a4 14. exf6 gxf6 15. d5 exd5 16. Bb6+ Kd7 17. Nd4 b4 18. Ncb5 cxb5 19. Nxb5 Kc6 20. Na7+ Kxb6 21. Nxc8+ Rxc8 0-1

[Event "RN-2016-0-01182"]
[Site "LSS email"]
[Date "2016.09.13"]
[Round "?"]
[White "Hickl, Norbert"]
[Black "Huseby, Juan Carlos"]
[Result "1-0"]
[WhiteElo "802"]
[BlackElo "341"]
[PlyCount "87"]
[EventDate "2016.09.03"]
[EventType "tourn (corr)"]
[EventRounds "6"]
[EventCountry "GER"]
[SourceTitle "Corr 2022"]
[Source "ChessBase"]
[SourceDate "2021.10.24"]
[SourceVersion "1"]
[SourceVersionDate "2021.10.24"]
[SourceQuality "1"]

1. d4 Nf6 2. Bf4 Ne4 3. f3 Nd6 4. e3 e6 5. Bd3 f5 6. Ne2 Nc6 7. a3 h6 8. h3 Nf7 9. 0-0 Bd6 10. c4 g5 11. Bh2 Bxh2+ 12. Kxh2 d5 13. Nbc3 Bd7 14. f4 g4 15. cxd5 h5 16. dxe6 Bxe6 17. d5 Bxd5 18. Bxf5 Bxg2 19. Kxg2 Qh4 20. Qd7+ Kf8 21. Rh1 Rd8 22. Qxc7 Nd6 23. hxg4 Qe7 24. Qxe7+ Nxe7 25. Be6 h4 26. Kh3 Ng6 27. Rad1 Ke7 28. f5 Ne5 29. Nd5+ Kf8 30. Nef4 Ne4 31. Rhf1 Ng5+ 32. Kg2 Nxg4 33. Ng6+ Kg7 34. Nxh8 h3+ 35. Kg3 Ne5 36. Nf7 Ne4+ 37. Kf4 Nxf7 38. Bxf7 Nf6 39. Nxf6 Rxd1 40. Rxd1 Kxf7 41. Ng4 b5 42. Rd7+ Ke8 43. Rxa7 b4 44. Ke5 1-0

[Event "RN-2016-0-01182"]
[Site "LSS email"]
[Date "2016.09.13"]
[Round "?"]
[White "Huseby, Juan Carlos"]
[Black "Lombardi, Donato"]
[Result "0-1"]
[WhiteElo "341"]
[BlackElo "837"]
[PlyCount "52"]
[EventDate "2016.09.03"]
[EventType "tourn (corr)"]
[EventRounds "6"]
[EventCountry "GER"]
[SourceTitle "Corr 2022"]
[Source "ChessBase"]
[SourceDate "2021.10.24"]
[SourceVersion "1"]
[SourceVersionDate "2021.10.24"]
[SourceQuality "1"]

1. e4 e6 2. Be2 d5 3. e5 c5 4. d4 cxd4 5. Qxd4 Nc6 6. Qa4 Bd7 7. Bb5 Nxe5 8. Bf4 Nc6 9. Nf3 Nf6 10. Nc3 Bb4 11. 0-0 Bxc3 12. bxc3 0-0 13. Bg5 e5 14. Bxc6 Bxc6 15. Qh4 Qd6 16. Bh6 gxh6 17. Qxh6 d4 18. Rad1 Bxf3 19. gxf3 Rfe8 20. cxd4 exd4 21. Qg5+ Kh8 22. Kh1 Rg8 23. Qd2 Qe5 24. f4 Qe4+ 25. f3 Qe3 26. Qxe3 dxe3 0-1

[Event "LSS No Engine Cup 159 Preliminary 0"]
[Site "LSS email"]
[Date "2016.09.13"]
[Round "?"]
[White "Huseby, Juan Carlos"]
[Black "Molina, Vicente Andres"]
[Result "0-1"]
[WhiteElo "732"]
[BlackElo "1033"]
[PlyCount "64"]
[EventDate "2016.09.14"]
[EventType "tourn (corr)"]
[EventRounds "6"]
[EventCountry "GER"]
[SourceTitle "Corr 2022"]
[Source "ChessBase"]
[SourceDate "2021.10.24"]
[SourceVersion "1"]
[SourceVersionDate "2021.10.24"]
[SourceQuality "1"]

1. e4 c5 2. Bc4 e6 3. Nf3 d6 4. d4 cxd4 5. Nxd4 Nf6 6. f3 Be7 7. g4 h6 8. g5 hxg5 9. Nd2 Nc6 10. Bb5 Bd7 11. Nxc6 bxc6 12. Nc4 cxb5 13. Nxd6+ Bxd6 14. Qxd6 Qe7 15. Qxe7+ Kxe7 16. Bxg5 Kf8 17. e5 Nd5 18. h4 f6 19. exf6 gxf6 20. Bxf6 Nxf6 21. 0-0-0 Bc6 22. Rhe1 Kf7 23. Rd6 Bd5 24. b3 Rxh4 25. Re3 a5 26. Rb6 a4 27. Kb2 axb3 28. axb3 b4 29. c4 Bxc4 30. bxc4 Rxc4 31. Rexe6 Nd5 32. Rbc6 Rxc6 0-1

[Event "RN-2016-0-01182"]
[Site "LSS email"]
[Date "2016.09.12"]
[Round "?"]
[White "Bester, Kazimierz"]
[Black "Huseby, Juan Carlos"]
[Result "1-0"]
[WhiteElo "667"]
[BlackElo "341"]
[PlyCount "81"]
[EventDate "2016.09.03"]
[EventType "tourn (corr)"]
[EventRounds "6"]
[EventCountry "GER"]
[SourceTitle "Corr 2022"]
[Source "ChessBase"]
[SourceDate "2021.10.24"]
[SourceVersion "1"]
[SourceVersionDate "2021.10.24"]
[SourceQuality "1"]

1. f4 e6 2. Nf3 Nf6 3. e3 d5 4. Be2 c6 5. 0-0 Nbd7 6. d4 Bd6 7. Nbd2 Qc7 8. c3 Ng4 9. Nb3 Ndf6 10. Ne5 Nh6 11. h3 Ne4 12. Bh5 Bxe5 13. dxe5 Nf5 14. Rf3 g6 15. Bg4 Nh4 16. Rf1 Ng3 17. Rf2 h5 18. Bf3 Ngf5 19. Be2 Ng3 20. Bf3 Nhf5 21. Nd4 Nxd4 22. exd4 0-0 23. b4 f6 24. Kh2 h4 25. exf6 Rxf6 26. Qd3 Nf5 27. Bg4 Ng3 28. Rf3 Ne4 29. Kg1 Bd7 30. c4 Raf8 31. f5 exf5 32. Bf4 Nd6 33. c5 fxg4 34. Bxd6 Rxf3 35. Qxg6+ Kh8 36. gxf3 Bf5 37. Qh6+ Bh7 38. Qxf8+ Bg8 39. Bxc7 gxf3 40. Be5+ Kh7 41. Qg7# 1-0

[Event "LSS No Engine Cup 158 Preliminary 0"]
[Site "LSS email"]
[Date "2016.08.27"]
[Round "?"]
[White "Huseby, Juan Carlos"]
[Black "Louro, Eugenio Diogo"]
[Result "0-1"]
[WhiteElo "735"]
[BlackElo "1914"]
[PlyCount "42"]
[EventDate "2016.08.28"]
[EventType "tourn (corr)"]
[EventRounds "6"]
[EventCountry "GER"]
[SourceTitle "Corr 2022"]
[Source "ChessBase"]
[SourceDate "2021.10.24"]
[SourceVersion "1"]
[SourceVersionDate "2021.10.24"]
[SourceQuality "1"]

1. f4 g6 2. e3 Bg7 3. Bc4 d5 4. Bb3 c5 5. Ne2 Bd7 6. Bxd5 Nc6 7. Bxf7+ Kxf7 8. d4 Bg4 9. c3 Qd5 10. 0-0 Nf6 11. dxc5 Qxd1 12. Rxd1 Bxe2 13. Rd2 Bc4 14. b3 Be6 15. Re2 Rhd8 16. Nd2 Nd5 17. c4 Bxa1 18. e4 Nxf4 19. Rf2 Bd4 20. Nf3 Bxf2+ 21. Kh1 Rd1+ 0-1

[Event "LSS No Engine Cup 158 Preliminary 0"]
[Site "LSS email"]
[Date "2016.08.27"]
[Round "?"]
[White "Koenig, Michael"]
[Black "Huseby, Juan Carlos"]
[Result "1-0"]
[WhiteElo "1794"]
[BlackElo "735"]
[PlyCount "23"]
[EventDate "2016.08.28"]
[EventType "tourn (corr)"]
[EventRounds "6"]
[EventCountry "GER"]
[SourceTitle "Corr 2022"]
[Source "ChessBase"]
[SourceDate "2021.10.24"]
[SourceVersion "1"]
[SourceVersionDate "2021.10.24"]
[SourceQuality "1"]

1. d4 Nf6 2. Nf3 d6 3. Nc3 c6 4. e4 e5 5. dxe5 Ng4 6. exd6 Be6 7. Bf4 Nd7 8. Nd4 Nge5 9. Nxe6 fxe6 10. Bxe5 Nxe5 11. Qh5+ Nf7 12. 0-0-0 1-0

[Event "OP-2016-0-04126"]
[Site "LSS email"]
[Date "2016.08.15"]
[Round "?"]
[White "Huseby, Juan Carlos"]
[Black "Correa de Almeida, Claudio"]
[Result "0-1"]
[WhiteElo "340"]
[BlackElo "1562"]
[PlyCount "46"]
[EventDate "2016.08.10"]
[EventType "tourn (corr)"]
[EventRounds "4"]
[EventCountry "GER"]
[SourceTitle "Corr 2022"]
[Source "ChessBase"]
[SourceDate "2021.10.24"]
[SourceVersion "1"]
[SourceVersionDate "2021.10.24"]
[SourceQuality "1"]

1. f4 d5 2. d4 Bf5 3. c3 Qd6 4. Nd2 Nd7 5. Ngf3 Qxf4 6. Nb3 Qd6 7. g3 a5 8. Ng5 h6 9. Nc5 hxg5 10. Bxg5 Nxc5 11. dxc5 Qxc5 12. Qd4 Qxd4 13. cxd4 Be4 14. Bg2 Bxg2 15. Rg1 Rxh2 16. 0-0-0 Be4 17. Bf4 c5 18. dxc5 e6 19. Rd2 Bxc5 20. g4 Bxg1 21. g5 Rc8+ 22. Kd1 Rh1 23. Bg3 Bf2# 0-1

[Event "RN-2016-0-01170"]
[Site "LSS email"]
[Date "2016.08.15"]
[Round "?"]
[White "Venturas, Bob"]
[Black "Huseby, Juan Carlos"]
[Result "1-0"]
[WhiteElo "593"]
[BlackElo "334"]
[PlyCount "65"]
[EventDate "2016.08.07"]
[EventType "tourn (corr)"]
[EventRounds "6"]
[EventCountry "GER"]
[SourceTitle "Corr 2022"]
[Source "ChessBase"]
[SourceDate "2021.10.24"]
[SourceVersion "1"]
[SourceVersionDate "2021.10.24"]
[SourceQuality "1"]

1. e4 e5 2. Nf3 Bc5 3. Nxe5 Bxf2+ 4. Kxf2 Qh4+ 5. Kg1 Qxe4 6. d4 Nc6 7. Nxc6 Qxc6 8. Nc3 d5 9. Bb5 Bd7 10. Bxc6 bxc6 11. Kf2 Nf6 12. Re1+ Be6 13. Kg1 0-0-0 14. Qd3 Kb7 15. Bf4 Rd7 16. Na4 Ne4 17. Nc3 f5 18. Na4 g5 19. Be5 Rg8 20. Nc5+ Kc8 21. Qa6+ Kd8 22. Nxe6+ Ke7 23. Qxc6 g4 24. Nxc7 h5 25. Nxd5+ Rxd5 26. c4 Rd7 27. Bf6+ Kf7 28. Qxd7+ Kxf6 29. Rxe4 fxe4 30. Rf1+ Kg5 31. Qd5+ Kh4 32. g3+ Kh3 33. Qxh5# 1-0

[Event "RN-2016-0-01170"]
[Site "LSS email"]
[Date "2016.08.14"]
[Round "?"]
[White "Huseby, Juan Carlos"]
[Black "Hickl, Norbert"]
[Result "1/2-1/2"]
[WhiteElo "334"]
[BlackElo "816"]
[PlyCount "74"]
[EventDate "2016.08.07"]
[EventType "tourn (corr)"]
[EventRounds "6"]
[EventCountry "GER"]
[SourceTitle "Corr 2022"]
[Source "ChessBase"]
[SourceDate "2021.10.24"]
[SourceVersion "1"]
[SourceVersionDate "2021.10.24"]
[SourceQuality "1"]

1. f4 e6 2. e4 Nf6 3. d3 Bb4+ 4. c3 Be7 5. Nf3 d5 6. e5 Nfd7 7. d4 c5 8. Bb5 Qb6 9. Ba4 cxd4 10. cxd4 Nc6 11. Nc3 0-0 12. 0-0 f6 13. Bc2 fxe5 14. fxe5 Ndxe5 15. Bxh7+ Kxh7 16. Nxe5 Nxe5 17. Rxf8 Bxf8 18. Qh5+ Kg8 19. Qxe5 Be7 20. Nxd5 exd5 21. Qxe7 Qxd4+ 22. Be3 Qf6 23. Qb4 Bd7 24. Rf1 Qg6 25. Bd4 Bh3 26. Rf2 Rc8 27. Bc3 b6 28. Qe7 Re8 29. Qxa7 d4 30. Bb4 d3 31. Bd2 Re2 32. Qa8+ Kh7 33. Qf3 Bg4 34. Qg3 Qe4 35. Qh4+ Kg6 36. Qg5+ Kh7 37. Qh4+ Kg6 1/2-1/2

[Event "RN-2016-0-01169"]
[Site "LSS email"]
[Date "2016.08.14"]
[Round "?"]
[White "Strnad, Pavel"]
[Black "Huseby, Juan Carlos"]
[Result "1/2-1/2"]
[WhiteElo "457"]
[BlackElo "334"]
[PlyCount "79"]
[EventDate "2016.08.05"]
[EventType "tourn (corr)"]
[EventRounds "6"]
[EventCountry "GER"]
[SourceTitle "Corr 2022"]
[Source "ChessBase"]
[SourceDate "2021.10.24"]
[SourceVersion "1"]
[SourceVersionDate "2021.10.24"]
[SourceQuality "1"]

1. e4 Nc6 2. Nc3 e6 3. a3 d5 4. Bb5 Bc5 5. d4 Bxd4 6. Qxd4 Nf6 7. Bxc6+ bxc6 8. Nf3 Ba6 9. e5 Nd7 10. Bg5 Qb8 11. Rb1 c5 12. Qd2 c6 13. Ne2 h6 14. Bf4 Nb6 15. 0-0 g5 16. Bg3 Nc4 17. Qc3 g4 18. Nd2 Nxd2 19. Qxd2 d4 20. Rfe1 Qb6 21. b3 0-0-0 22. Nf4 h5 23. h3 d3 24. c4 h4 25. Bh2 Rd4 26. Kh1 g3 27. fxg3 hxg3 28. Bxg3 Qd8 29. Re3 Kb7 30. Rxd3 Qg5 31. b4 Bxc4 32. Rxd4 cxd4 33. Qxd4 Bd5 34. Qf2 Qxe5 35. Ng6 Rxh3+ 36. Kg1 Qxg3 37. Qxf7+ Kb6 38. Qf2+ Qxf2+ 39. Kxf2 Rxa3 40. Ne7 1/2-1/2

[Event "SN-2016-0-00782"]
[Site "LSS email"]
[Date "2016.08.10"]
[Round "?"]
[White "Huseby, Juan Carlos"]
[Black "Laureles, Raymundo"]
[Result "0-1"]
[WhiteElo "336"]
[BlackElo "1151"]
[PlyCount "32"]
[EventDate "2016.07.20"]
[EventType "tourn (corr)"]
[EventRounds "6"]
[EventCountry "GER"]
[SourceTitle "Corr 2022"]
[Source "ChessBase"]
[SourceDate "2021.10.24"]
[SourceVersion "1"]
[SourceVersionDate "2021.10.24"]
[SourceQuality "1"]

1. f4 e5 2. fxe5 d6 3. exd6 Bxd6 4. Nf3 Bg4 5. d3 Bxf3 6. exf3 Qh4+ 7. Ke2 Nf6 8. Be3 0-0 9. Nd2 Re8 10. Ne4 Nxe4 11. dxe4 Nc6 12. g3 Bxg3 13. h3 Rad8 14. Qc1 Rxe4 15. Bg2 Ree8 16. c3 Qc4# 0-1

[Event "RN-2016-0-01167"]
[Site "LSS email"]
[Date "2016.08.10"]
[Round "?"]
[White "Lenz, Juergen"]
[Black "Huseby, Juan Carlos"]
[Result "1-0"]
[WhiteElo "1079"]
[BlackElo "338"]
[PlyCount "81"]
[EventDate "2016.07.30"]
[EventType "tourn (corr)"]
[EventRounds "6"]
[EventCountry "GER"]
[SourceTitle "Corr 2022"]
[Source "ChessBase"]
[SourceDate "2021.10.24"]
[SourceVersion "1"]
[SourceVersionDate "2021.10.24"]
[SourceQuality "1"]

1. d4 c5 2. d5 d6 3. Nc3 e6 4. e4 Nf6 5. Bg5 Be7 6. Nf3 Ng4 7. Bxe7 Qxe7 8. h3 Ne5 9. Nxe5 dxe5 10. Bb5+ Bd7 11. a4 a6 12. Be2 0-0 13. 0-0 exd5 14. Nxd5 Qd6 15. a5 Bxh3 16. gxh3 Qg6+ 17. Kh2 Qxe4 18. Bf3 Qh4 19. Qe2 Nc6 20. c3 f5 21. Bg2 e4 22. Qe3 Ne5 23. Qg3 Ng4+ 24. Kg1 Qxg3 25. fxg3 Ne5 26. Nb6 Rad8 27. Rad1 Nd3 28. Rd2 Ne5 29. Rfd1 Nd3 30. Nc4 b5 31. axb6 a5 32. Bf1 f4 33. Bxd3 e3 34. Re2 g6 35. gxf4 Rxf4 36. Rxe3 a4 37. Ree1 Rh4 38. Bf1 Rxd1 39. Rxd1 Kg7 40. b7 a3 41. bxa3 1-0

[Event "SN-2016-0-00782"]
[Site "LSS email"]
[Date "2016.08.10"]
[Round "?"]
[White "Pehl, Ferenc"]
[Black "Huseby, Juan Carlos"]
[Result "1-0"]
[WhiteElo "983"]
[BlackElo "336"]
[PlyCount "87"]
[EventDate "2016.07.20"]
[EventType "tourn (corr)"]
[EventRounds "6"]
[EventCountry "GER"]
[SourceTitle "Corr 2022"]
[Source "ChessBase"]
[SourceDate "2021.10.24"]
[SourceVersion "1"]
[SourceVersionDate "2021.10.24"]
[SourceQuality "1"]

1. e4 Nc6 2. d4 e5 3. d5 Nd4 4. c3 Bc5 5. cxd4 exd4 6. Bd3 h6 7. Nf3 d6 8. h3 Ne7 9. Nbd2 Ng6 10. Nb3 Bb4+ 11. Bd2 Bxd2+ 12. Qxd2 Ne5 13. Nbxd4 0-0 14. Nxe5 dxe5 15. Nf3 f5 16. exf5 Bxf5 17. Bxf5 Rxf5 18. 0-0-0 e4 19. Ne1 Qg5 20. Qxg5 hxg5 21. f3 Rd8 22. fxe4 Rf2 23. Rd2 Rxd2 24. Kxd2 c6 25. Kc3 cxd5 26. exd5 b5 27. Kd4 b4 28. Nd3 a5 29. Rf1 Rc8 30. Rf2 Kh7 31. d6 Kg6 32. Ne5+ Kh5 33. d7 Rc1 34. d8Q Rd1+ 35. Nd3 Kh4 36. Rf5 Kg3 37. Qxg5+ Kh2 38. Ke3 Ra1 39. Qf4+ Kg1 40. g4 Kg2 41. Qf3+ Kh2 42. Qf2+ Kh1 43. Qg3 b3 44. Nf2# 1-0

[Event "SN-2016-0-00761"]
[Site "LSS email"]
[Date "2016.05.10"]
[Round "?"]
[White "Bearce, Harold L"]
[Black "Huseby, Juan Carlos"]
[Result "0-1"]
[WhiteElo "277"]
[BlackElo "329"]
[PlyCount "32"]
[EventDate "2016.04.27"]
[EventType "tourn (corr)"]
[EventRounds "6"]
[EventCountry "GER"]
[SourceTitle "Corr 2022"]
[Source "ChessBase"]
[SourceDate "2021.10.24"]
[SourceVersion "1"]
[SourceVersionDate "2021.10.24"]
[SourceQuality "1"]

1. e4 b6 2. Nc3 e6 3. d4 d5 4. e5 Bb4 5. Bd2 Bd7 6. Nf3 c5 7. dxc5 bxc5 8. Qe2 d4 9. Ne4 Bc6 10. Ng3 Nd7 11. 0-0-0 Bxf3 12. Qxf3 Nxe5 13. Qe2 Qc7 14. Bxb4 c4 15. Rxd4 Nf6 16. f4 Nd3+ 0-1

[Event "ZN-2016-0-03325"]
[Site "LSS email"]
[Date "2016.04.19"]
[Round "?"]
[White "Huseby, Juan Carlos"]
[Black "Lenz, Juergen"]
[Result "0-1"]
[WhiteElo "336"]
[BlackElo "1112"]
[PlyCount "50"]
[EventDate "2016.04.07"]
[EventType "match (corr)"]
[EventRounds "2"]
[EventCountry "GER"]
[SourceTitle "Corr 2022"]
[Source "ChessBase"]
[SourceDate "2021.10.24"]
[SourceVersion "1"]
[SourceVersionDate "2021.10.24"]
[SourceQuality "1"]

1. f4 c5 2. e4 Nc6 3. Bb5 Nd4 4. c4 Nxb5 5. cxb5 a6 6. Qa4 Qb6 7. Nc3 e6 8. Nge2 Nf6 9. e5 Nd5 10. Nxd5 exd5 11. d4 cxd4 12. Bd2 d3 13. Nd4 Bc5 14. Bc3 0-0 15. Nf5 d6 16. exd6 Bxf5 17. Be5 f6 18. Qb3 fxe5 19. Qxd5+ Kh8 20. d7 Bb4+ 21. Kf1 Rad8 22. a4 Rxd7 23. Qc4 Bg6 24. b3 Rxf4+ 25. Qxf4 exf4 0-1

[Event "SN-2016-0-00753"]
[Site "LSS email"]
[Date "2016.04.10"]
[Round "?"]
[White "Gorman, Andrew"]
[Black "Huseby, Juan Carlos"]
[Result "0-1"]
[WhiteElo "703"]
[BlackElo "350"]
[PlyCount "70"]
[EventDate "2016.03.25"]
[EventType "tourn (corr)"]
[EventRounds "6"]
[EventCountry "GER"]
[SourceTitle "Corr 2022"]
[Source "ChessBase"]
[SourceDate "2021.10.24"]
[SourceVersion "1"]
[SourceVersionDate "2021.10.24"]
[SourceQuality "1"]

1. e4 e6 2. d4 d5 3. Nc3 Bb4 4. f3 dxe4 5. fxe4 Bxc3+ 6. bxc3 Qh4+ 7. Kd2 Nf6 8. Bd3 Nxe4+ 9. Bxe4 Qxe4 10. Qf3 Qg6 11. Bb2 Bd7 12. Qg3 Qxg3 13. hxg3 Nc6 14. Nf3 0-0-0 15. Ng5 Rdf8 16. Raf1 f6 17. Ne4 e5 18. d5 Ne7 19. c4 Bf5 20. d6 Bxe4 21. dxe7 Re8 22. Ba3 b6 23. c5 Rxe7 24. cxb6 Rd8+ 25. Ke3 Bxg2 26. Bxe7 Re8 27. b7+ Bxb7 28. Rxh7 Rxe7 29. Rh8+ Kd7 30. Rd1+ Ke6 31. Rhd8 g5 32. a3 Bc6 33. Ra8 Bxa8 34. c4 c5 35. Rd5 Bxd5 0-1

[Event "SN-2016-0-00753"]
[Site "LSS email"]
[Date "2016.04.10"]
[Round "?"]
[White "Neumann, Otto"]
[Black "Huseby, Juan Carlos"]
[Result "1-0"]
[WhiteElo "809"]
[BlackElo "350"]
[PlyCount "77"]
[EventDate "2016.03.25"]
[EventType "tourn (corr)"]
[EventRounds "6"]
[EventCountry "GER"]
[SourceTitle "Corr 2022"]
[Source "ChessBase"]
[SourceDate "2021.10.24"]
[SourceVersion "1"]
[SourceVersionDate "2021.10.24"]
[SourceQuality "1"]

1. d4 g6 2. c4 Bg7 3. Nc3 Nc6 4. Bf4 Bxd4 5. e3 e5 6. Bg3 Bxc3+ 7. bxc3 f5 8. h3 Nf6 9. Nf3 Ne4 10. Bh4 Ne7 11. Nxe5 0-0 12. Qc2 d5 13. Rd1 c6 14. Bd3 Qd6 15. Nf3 Nc5 16. Be2 Ne4 17. Nd4 Qa3 18. Nb3 Be6 19. c5 Rf7 20. 0-0 Nxc5 21. Rb1 Ne4 22. Nd4 Qxc3 23. Rxb7 Qxc2 24. Nxc2 Nc5 25. Rxe7 Kg7 26. Nd4 Raf8 27. Nxe6+ Nxe6 28. Rxe6 Rb7 29. Rxc6 Rff7 30. Rfc1 Rb2 31. Bf3 Kh6 32. a4 Ra2 33. Bxd5 Rxa4 34. Bxf7 a5 35. Bd8 Ra2 36. Bf6 Rd2 37. R6c4 g5 38. Bc3 Re2 39. Rc6# 1-0

[Event "SN-2016-0-00751"]
[Site "LSS email"]
[Date "2016.04.03"]
[Round "?"]
[White "Huseby, Juan Carlos"]
[Black "Pocol, Horacio"]
[Result "0-1"]
[WhiteElo "341"]
[BlackElo "991"]
[PlyCount "116"]
[EventDate "2016.03.22"]
[EventType "tourn (corr)"]
[EventRounds "6"]
[EventCountry "GER"]
[SourceTitle "Corr 2022"]
[Source "ChessBase"]
[SourceDate "2021.10.24"]
[SourceVersion "1"]
[SourceVersionDate "2021.10.24"]
[SourceQuality "1"]

1. f4 d5 2. d4 Nf6 3. c4 Bf5 4. Nc3 a6 5. Qa4+ c6 6. Be3 Bd7 7. 0-0-0 c5 8. Nb5 Bxb5 9. cxb5 c4 10. bxa6+ Nc6 11. Qb5 Qd7 12. Nf3 Rxa6 13. Ne5 Nxe5 14. Qxd7+ Nexd7 15. a3 c3 16. Rd3 cxb2+ 17. Kb1 e6 18. Rb3 Bxa3 19. Rxb7 0-0 20. g3 Nb6 21. Bh3 Nc4 22. Rb3 Ne4 23. f5 Ned2+ 24. Bxd2 Nxd2+ 25. Kc2 Nxb3 26. Kxb3 Rb8+ 27. Kc2 Be7 28. Rb1 Ra2 29. fxe6 f6 30. Bf5 g6 31. Bd3 Kg7 32. h4 f5 33. e3 Kf6 34. g4 fxg4 35. h5 Kg5 36. hxg6 hxg6 37. Kc3 Rb6 38. e4 dxe4 39. Bxe4 Ra3+ 40. Kc2 Re3 41. Bd3 Rexe6 42. Rxb2 Rxb2+ 43. Kxb2 g3 44. d5 Rd6 45. Be4 Kf4 46. Bg2 Bf6+ 47. Kc2 Ke3 48. Kb3 Kf2 49. Be4 g5 50. Kc4 g2 51. Bxg2 Kxg2 52. Kc5 Ra6 53. Kb5 Ra1 54. Kc6 g4 55. d6 Kf3 56. Kd7 g3 57. Ke6 Bh4 58. d7 g2 0-1